Normal view
MARC view
Entry Uniform Title
001 - CONTROL NUMBER
- control field: 40177
003 - CONTROL NUMBER IDENTIFIER
- control field: dpl
005 - DATE AND TIME OF LATEST TRANSACTION
- control field: 20120125155923.0
008 - FIXED-LENGTH DATA ELEMENTS
- fixed length control field: 120125|||a|||||| | ||| d
040 ## - CATALOGING SOURCE
- Original cataloging agency: dpl
- Transcribing agency: dpl
130 ## - HEADING--UNIFORM TITLE
- Uniform title: Interesting original stories for children
670 ## - SOURCE DATA FOUND
- Source citation: Work cat.: (dpl): Manjunath, Mona 40176, Hippo :
670 ## - SOURCE DATA FOUND
- Source citation: Work cat.: (dpl): Manjunath, Mona 40176, Hippo :
